Bank of Tanzania: (Record no. 6937)

000 -LEADER
fixed length control field 00339nam a22001097a 4500
008 - FIXED-LENGTH DATA ELEMENTS--GENERAL INFORMATION
fixed length control field 200406b ||||| |||| 00| 0 eng d
245 ## - TITLE STATEMENT
Title Bank of Tanzania:
Remainder of title Annual Report 2006/07/
Statement of responsibility, etc. Bank of Tanzania.-
Medium English.
260 ## - PUBLICATION, DISTRIBUTION, ETC. (IMPRINT)
Place of publication, distribution, etc. Dar Es Salaam:
Name of publisher, distributor, etc. BOT,
Date of publication, distribution, etc. 2007.
300 ## - PHYSICAL DESCRIPTION
Extent xi, 248p;
Other physical details ill;
Dimensions 30cm.-
650 ## - SUBJECT ADDED ENTRY--TOPICAL TERM
Source of heading or term FINANCIAL REPORT
942 ## - ADDED ENTRY ELEMENTS (KOHA)
Source of classification or shelving scheme
Koha item type BOOKS

No items available.

IRDP © 2019 :: Managed by IRDP ICT Unit